Gestão do conhecimento para tomada de decisão (Record no. 63896)

MARC details
000 -LÍDER
campo de controle de tamanho fixo 00430 a2200157 4500
001 - NÚMERO DE CONTROLE
campo de controle 63896
020 ## - ISBN - INTERNATIONAL STANDARD BOOK NUMBER
ISBN - International Standard Book Number 9788522464173 (broch.)
040 ## - FONTE DA CATALOGAÇÃO
Instituição que transcreveu o registro Anchieta - Pituba
100 ## - ENTRADA PRINCIPAL--NOME PESSOAL
Nome pessoal Freitas, Claudia Regina
240 10 - TÍTULO UNIFORME
Título uniforme Gestão do conhecimento para tomada de decisão
Idioma da obra por
245 10 - TÍTULO
Título Gestão do conhecimento para tomada de decisão
300 ## - DESCRIÇÃO FÍSICA
Extensão xiii, 114p
362 0# - DATAS DE PUBLICAÇÃO E/OU DESIGNAÇÃO SEQUENCIAL
Datas de publicação e/ou designação sequencial 2011
650 #4 - ASSUNTO--TERMO TÓPICO
Cabeçalho tópico ou nome geográfico . Teorias administrativas
942 ## - ELEMENTOS DE ENTRADA ADICIONADOS (KOHA)
Tipo de material Koha Livros
Holdings
Situação do descarte Situação das perdas Situação física Não pode ser emprestado Biblioteca de origem Biblioteca atual Data de aquisição Total de empréstimos Número de chamada completo Código de barras Data de último acesso Data do preço efetivo Tipo de material Koha
        Colégio Anchieta - Pituba Colégio Anchieta - Pituba 21/11/2023   658.001 A447g ALM GES 17496/PIT 21/11/2023 21/11/2023 Livros